<?xml version="1.0" encoding="UTF-8"?>
<record
    xmlns:xsi="http://www.w3.org/2001/XMLSchema-instance"
    xsi:schemaLocation="http://www.loc.gov/MARC21/slim http://www.loc.gov/standards/marcxml/schema/MARC21slim.xsd"
    xmlns="http://www.loc.gov/MARC21/slim">

  <leader>01504nam a2200277Ia 4500</leader>
  <controlfield tag="005">20231102151603.0</controlfield>
  <controlfield tag="008">130818t2006    MX     g      000 0 spa d</controlfield>
  <datafield tag="020" ind1=" " ind2=" ">
    <subfield code="a">970-9849-07-7</subfield>
  </datafield>
  <datafield tag="040" ind1=" " ind2=" ">
    <subfield code="e">RDA</subfield>
  </datafield>
  <datafield tag="050" ind1=" " ind2=" ">
    <subfield code="a">KGF2569 S353 2006</subfield>
  </datafield>
  <datafield tag="100" ind1="1" ind2="0">
    <subfield code="a">SA&#xCD;D, Alberto</subfield>
  </datafield>
  <datafield tag="245" ind1="1" ind2="0">
    <subfield code="a">Teor&#xED;a general del proceso /</subfield>
    <subfield code="c"> Alberto Sa&#xED;d, Isidro Manuel Gonz&#xE1;lez Guti&#xE9;rrez</subfield>
  </datafield>
  <datafield tag="260" ind1=" " ind2=" ">
    <subfield code="a">M&#xE9;xico </subfield>
    <subfield code="b">: IURE Editores</subfield>
    <subfield code="c">2006</subfield>
  </datafield>
  <datafield tag="300" ind1=" " ind2=" ">
    <subfield code="a">402 p&#xE1;ginas</subfield>
  </datafield>
  <datafield tag="337" ind1=" " ind2=" ">
    <subfield code="a">texto</subfield>
  </datafield>
  <datafield tag="338" ind1=" " ind2=" ">
    <subfield code="a">sin medio</subfield>
  </datafield>
  <datafield tag="339" ind1=" " ind2=" ">
    <subfield code="a">volumen</subfield>
  </datafield>
  <datafield tag="440" ind1=" " ind2=" ">
    <subfield code="a">(Col. Textos jur&#xED;dicos)</subfield>
  </datafield>
  <datafield tag="500" ind1=" " ind2=" ">
    <subfield code="a">Bibliogrf&#xED;a e &#xED;ndices</subfield>
  </datafield>
  <datafield tag="500" ind1=" " ind2=" ">
    <subfield code="a">Eduaci&#xF3;n mixta
Licenciatura en Derecho
14 004680</subfield>
  </datafield>
  <datafield tag="505" ind1=" " ind2=" ">
    <subfield code="a">Nociones generales
Diversas formas de soluci&#xF3;n de litigios
Ciencia del derecho procesal
Evoluci&#xF3;n del pensamiento y legislaci&#xF3;n procesal
Fuentes del derecho procesal
Unidad procesal
Ley procesal
Conceptos fundamentales
Acci&#xF3;n procesal
Defensa y excepci&#xF3;n 
Presupuestos procesales
Jurisdicci&#xF3;n
Organos jurisdiccionales y jueces
Secretario judicial
Ministerio p&#xFA;blico
Partes
Representaci&#xF3;n
Terceros en el proceso
Proceso Jurisdiccional
Proceso y procedimiento
Tiempo y proceso
Hechos y actos procesales
Lugar y sede los actos procesales
Nulidad de los actos procesales
Prueba de resoluciones judiciales 
Cosa juzgada
Impucnaci&#xF3;n de las resoluciones judiciales
Teor&#xED;a de la ejecuci&#xF3;n
</subfield>
  </datafield>
  <datafield tag="650" ind1="1" ind2="0">
    <subfield code="a">DERECHO PROCESAL</subfield>
  </datafield>
  <datafield tag="650" ind1="2" ind2="0">
    <subfield code="a"> PROCESOS (DERECHO)</subfield>
  </datafield>
  <datafield tag="700" ind1=" " ind2=" ">
    <subfield code="a">GONZ&#xC1;LEZ Guti&#xE9;rrez, Isidro Manuel</subfield>
    <subfield code="d">coautor</subfield>
  </datafield>
  <datafield tag="942" ind1=" " ind2=" ">
    <subfield code="c">LB</subfield>
  </datafield>
  <datafield tag="952" ind1=" " ind2=" ">
    <subfield code="0">0</subfield>
    <subfield code="1">0</subfield>
    <subfield code="2">lcc</subfield>
    <subfield code="4">0</subfield>
    <subfield code="7">0</subfield>
    <subfield code="a">14</subfield>
    <subfield code="b">14</subfield>
    <subfield code="d">2012-11-21</subfield>
    <subfield code="l">3</subfield>
    <subfield code="m">1</subfield>
    <subfield code="o">KGF 2569 S353 2003</subfield>
    <subfield code="p">14 004680</subfield>
    <subfield code="r">2016-10-31</subfield>
    <subfield code="s">2016-10-31</subfield>
    <subfield code="t">1</subfield>
    <subfield code="w">2013-09-04</subfield>
    <subfield code="y">LB</subfield>
  </datafield>
  <datafield tag="999" ind1=" " ind2=" ">
    <subfield code="c">90524</subfield>
    <subfield code="d">90524</subfield>
  </datafield>
</record>
